ՀՀ Գիտությունների ազգային ակադեմիայի հիմնարար գիտական գրադարան  =   Fundamental Scientific Library of NAS RA

Գրական տեղեկատու : (Record no. 2091)

MARC details
000 -LEADER
fixed length control field 01492nam a2200289 a 4500
001 - CONTROL NUMBER
control field 000008439
003 - CONTROL NUMBER IDENTIFIER
control field AM-YEHGA
005 - DATE AND TIME OF LATEST TRANSACTION
control field 20250618070715.0
008 - FIXED-LENGTH DATA ELEMENTS--GENERAL INFORMATION
fixed length control field 030130s1975 ai 000 | arm d
040 ## - CATALOGING SOURCE
Original cataloging agency AM-YeHGA
041 0# - LANGUAGE CODE
Language code of text/sound track or separate title arm
090 ## - LOCALLY ASSIGNED LC-TYPE CALL NUMBER (OCLC); LOCAL CALL NUMBER (RLIN)
-- 2111
100 1# - MAIN ENTRY--PERSONAL NAME
Personal name Խաչատրյան, Հայկ Հարությունի,
Dates associated with a name 1926-2001
9 (RLIN) 1592
245 10 - TITLE STATEMENT
Title Գրական տեղեկատու :
Remainder of title Հայաստանի սովետական գրողների միության անդամներ 1934-1974 /
Statement of responsibility, etc. Կազմ. և առաջաբ.՝ Հ.Հ. Խաչատրյան ; Խմբ.՝ Ս.Ա. Վարդանյան ; Հայաստանի սովետ. գրողների միութ.
260 ## - PUBLICATION, DISTRIBUTION, ETC.
Place of publication, distribution, etc. Երևան :
Name of publisher, distributor, etc. Հայաստան,
Date of publication, distribution, etc. 1975.
300 ## - PHYSICAL DESCRIPTION
Extent 817 էջ :
Other physical details դիմանկ. ;
Dimensions 212 սմ.
504 ## - BIBLIOGRAPHY, ETC. NOTE
Bibliography, etc. note Ցուցակ ՀԳՄ մահացած անդամների, էջ՝ 782-784
504 ## - BIBLIOGRAPHY, ETC. NOTE
Bibliography, etc. note Ուրիշ կազմակերպություններ փոխադրված ՀԳՄ անդամների ցուցակ, էջ՝ 785
504 ## - BIBLIOGRAPHY, ETC. NOTE
Bibliography, etc. note ՀԳՄ անդամների ցուցակ` 1975-ի հուլիսի 1, էջ՝ 786-807
650 14 - SUBJECT ADDED ENTRY--TOPICAL TERM
Topical term or geographic name entry element Հայ գրականագիտություն
9 (RLIN) 4862
650 14 - SUBJECT ADDED ENTRY--TOPICAL TERM
Topical term or geographic name entry element Տեղեկատու
653 0# - INDEX TERM--UNCONTROLLED
Uncontrolled term Հայ գրողներ
700 1# - ADDED ENTRY--PERSONAL NAME
Personal name Խաչատրյան, Հայկ Հարությունի,
Dates associated with a name 1926-2001
Relator term կազմ.
Relationship com
Relator term առաջաբ.
Relationship aui
9 (RLIN) 1592
700 1# - ADDED ENTRY--PERSONAL NAME
Personal name Վարդանյան, Ս.Ա.
Relator term խմբ.
Relationship edt
710 2# - ADDED ENTRY--CORPORATE NAME
Corporate name or jurisdiction name as entry element Հայաստանի սովետական գրողների միություն
942 ## - ADDED ENTRY ELEMENTS (KOHA)
Koha item type Գրքեր / Books
Holdings
Withdrawn status Lost status Source of classification or shelving scheme Damaged status Not for loan Collection Home library Current library Date acquired Total checkouts Full call number Barcode Date last seen Price effective from Koha item type Public note
    Universal Decimal Classification     General Fundamental Scientific Library Fundamental Scientific Library 21/12/2016   AII/54890 220054890 21/12/2016 21/12/2016 Գրքեր / Books 30 Days Loan
    Universal Decimal Classification     General Fundamental Scientific Library Fundamental Scientific Library 21/12/2016   AII/54891 220054891 21/12/2016 21/12/2016 Գրքեր / Books 30 Days Loan
    Universal Decimal Classification     General Fundamental Scientific Library Fundamental Scientific Library 21/12/2016   AII/54892 220054892 21/12/2016 21/12/2016 Գրքեր / Books 30 Days Loan
    Universal Decimal Classification     General Fundamental Scientific Library Fundamental Scientific Library 21/12/2016   AII/62747 220062747 21/12/2016 21/12/2016 Գրքեր / Books 30 Days Loan


ՀՀ ԳԱԱ հիմնարար գիտական գրադարան
ՀՀ,Երևան 0019
Մարշալ Բաղրամյան 24/6
հեռախոս:(374-10) 52-47-50
Հետադարձ կապ

All site content, except where otherwise noted, is licensed under a
Creative Commons License